000
00318nam a2200133Ia 4500
008
151213s9999 xx 000 0 und d
100
_a
Berhand Beathy
245
_a
Don than & other Poems
_c
Berhand Beathy
300
_a
2115 p.
650
_a
English
650
_a
English
700
_a
Berhand Beathy
999
_c
1560
_d
1560